Salidas no documentadas y proveedores apócrifos (Registro nro. 20142)

Detalles MARC
000 -LEADER
fixed length control field 00326 a2200109 4500
001 - CONTROL NUMBER
control field ART_45246
005 - DATE AND TIME OF LATEST TRANSACTION
control field 20260410161756.0
008 - FIXED-LENGTH DATA ELEMENTS--GENERAL INFORMATION
fixed length control field 260409a
100 1# - MAIN ENTRY--PERSONAL NAME
Personal name Garcia Martin, A.
245 10 - TITLE STATEMENT
Title Salidas no documentadas y proveedores apócrifos
773 0# - HOST ITEM ENTRY
Title Doctrina tributaria
Related parts - Nº 453 (dic. 2017)
Record control number REV4296

No hay ítems disponibles.